Alfred Hitchcock Movie by Character Quiz Stats

 Plays Quiz Updated Mar 16, 2020

Support Sporcle.
Go Orange.
Score 0/20 Timer 06:00
0 Plays Today
Characters Movie % Correct
Marion Crane, Norman Bates, Milton ArbogastPsycho
93.4%
Maxim de Winter, The Second Mrs de Winter, Mrs. DanversRebecca
70%
Roger Thornhill, Phillip Vandamm, Eve KendallNorth by Northwest
69.3%
L. B. 'Jeff' Jefferies, Lisa Carol Fremont, Lars ThorwaldRear Window
63.6%
Melanie Daniels, Mitch Brenner, Annie HayworthThe Birds
61.8%
John 'Scottie' Ferguson, Gavin Elster, Judy BartonVertigo
60.9%
Mark Rutland, Marnie Edgar, Lil MainwaringMarnie
58.8%
Guy Haines, Bruno Anthony, Anne MortonStrangers on a Train
46.9%
Brandon Shaw, Phillip Morgan, Rupert CadellRope
39.8%
Tony Wendice, Margot Mary Wendice, Mark HallidayDial M for Murder
39.6%
Characters Movie % Correct
Alicia Huberman, T. R. Devlin, Alexander SebastianNotorious
34.5%
John Robie, Frances Stevens, H. H. HughsonTo Catch a Thief
31.2%
Charlotte 'Charlie' Newton, Charles Oakley, Jack GrahamShadow of a Doubt
30.5%
Iris Henderson, Gilbert, Miss FroyThe Lady Vanishes
27.9%
Ben McKenna, Louis Bernard, Edward DraytonThe Man Who Knew Too Much
26.7%
Johnnie Aysgarth, Lina McLaidlaw, Gordon Cochrane 'Beaky' ThwaiteSuspicion
25.7%
Richard Ian 'Dick' Blaney, Robert 'Bob' Rusk, Chief Inspector OxfordFrenzy
23.9%
Constance Petersen, Anthony Edwardes, Alexander 'Alex' BrulovSpellbound
18.6%
Blanche Tyler, George Lumley, Arthur AdamsonFamily Plot
15.6%
Captain Albert Wiles, Sam Marlowe, Jennifer RogersThe Trouble with Harry
14.7%

You're not logged in!

Compare scores with friends on all Sporcle quizzes.
OR
Log In

From the Vault

YA Book Character Illustrations

by metashades

Some of these characters were our childhood friends.
Remove Ads.
Support Sporcle.
Get the best of Sporcle when you Go Orange. This ad-free experience offers more features, more stats, and more fun while also helping to support Sporcle. Thank you for becoming a member.

Show Comments

Extras

Top Quizzes Today


Score Distribution

Your Account Isn't Verified!

In order to create a playlist on Sporcle, you need to verify the email address you used during registration. Go to your Sporcle Settings to finish the process.

Report this User

Report this user for behavior that violates our Community Guidelines.

Details: